00994nmc a2200229 a 4500003000900000005001700009008004100026040001300067100002400080245004000104260011000144300001100254490003900265500027200304504003100576650002800607650002500635650002600660650001400686700003200700700003200732AR-BaBNM20251128203856.0126019s1968 ||||||||||||||000 | spa|| cAR-BaBNM1 aSpeakman, Cummins E10aIntercambio educativo internacional aBuenos AiresbCentro Regional de Ayuda Técnica. Agencia para el Desarrollo InternacionalbTroquelc19680 a150 p. 0aBiblioteca de la nueva educación1 aLa presente edición es obra del Centro Regional de Ayuda Técnica, Agencia para el Desarrollo Internacional, Departamento de Estado del Gobierno de los Estados Unidos de América. El Centro es una organización dedicada a la producción de versiones en españo aBibliografía: p. 139-141 4aESTUDIANTES EXTRANJEROS 4aINTERCAMBIO CULTURAL 4aRELACIONES CULTURALES 4aEDUCACION1 aDuggan, Carolinaetraductor1 aOlds, Glenn A.eprologuista